| 000 | 01774nam a22003017a 4500 | ||
|---|---|---|---|
| 003 | GR-AtMCL | ||
| 005 | 20250725112948.0 | ||
| 006 | a||||fr||||||||||| | ||
| 008 | s2008||||gr |||e 001 gre | ||
| 020 | _a9789608129016 | ||
| 040 |
_aGRAtEVE _bgre _dGR-AtMCL _eAACR2 |
||
| 041 | 1 | _heng | |
| 100 |
_aAgrawal, G. P _q(Govind P.), _d1951- _99868 |
||
| 245 | 1 | 0 |
_aΣυστήματα επικοινωνιών με οπτικές ίνες / _cGovind P. Agrawal ; επιμέλεια μετάφρασης Βασίλειος Α. Κώτσος |
| 260 |
_aΘεσσαλονίκη : _bΤζιόλας, _c2008 |
||
| 300 |
_a663σ. ; _c24εκ. |
||
| 500 | _aΠεριέχει βιβλιογραφία | ||
| 500 | _aΕυρετήριο: σ. 655-663 | ||
| 500 | _aΤίτλος πρωτοτύπου: Fiber-optic communication systems | ||
| 500 | _aΗ μετάφραση έγινε από τη δεύτερη αγγλική έκδοση | ||
| 505 | 0 | _aΚαλώδια Οπτικών Ινών, Εκπομποί φωτός, Ανιχνευτές Φωτός, Συσκευές Σύνδεσης, Προδιαγραφές για σχεδιασμό συστήματος, Εφαρμογές Οπτικών Ινών, Τηλεπικοινωνίες, Μετάδοση Video μέσω Οπτικής Ίνας, Δεδομένα δια μέσου Οπτικής Ίνας, Έλεγχος και Τεχνικές Μετρήσεων, Βιομηχανικές Προδιαγραφές, Συντελεστές Μετατροπής, Εφαρμογές κ.α. | |
| 650 | 0 | 0 |
_aΟπτικές επικοινωνίες _99870 |
| 650 | 0 | 0 |
_aΠληροφορική _99850 |
| 650 | 0 | 0 |
_aComputing _99851 |
| 700 |
_aΚώτσος, Βασίλειος Α. _99869 |
||
| 942 | _cBK | ||
| 999 |
_c9830 _d9830 |
||